| 000 | 00348 a2200157 4500 | ||
|---|---|---|---|
| 001 | 64409 | ||
| 020 | _a9788580574678 (broch.) | ||
| 040 | _cAnchieta - Pituba | ||
| 100 | _aPaver, Michelle | ||
| 240 | 1 | 0 |
_aOs forasteiros _lpor |
| 245 | 1 | 0 | _aOs forasteiros |
| 300 | _a304p. | ||
| 362 | 0 | _a2014 | |
| 650 | 4 | _aFicção norte-americana | |
| 942 | _cBK | ||
| 999 |
_c64409 _d64409 |
||